000 00424nam a2200181Ia 4500
001 22233
005 20260414150817.0
008 260414t2008||||xx |||||||||||||| ||spa||
041 _aESP
082 _a621.042
_bC24
100 _aCamps Michelena, Manuel
_eAUT
245 0 _aLos biocombustibles
_b
260 _c2008
300 _a382 páginas :
_c23 cm.
650 _aTCA
654 _aCET
942 _cLIB
_dJUS
_fJUS
_2ddc
_n
999 _c22233
_d22233